[Event "Hastings8687"]
[Site "Hastings"]
[Date "1986.??.??"]
[Round "?"]
[White "Larsen, Bent"]
[Black "Chandler, Murray G"]
[Result "1/2-1/2"]
[WhiteElo "2565"]
[BlackElo "2565"]

1.Nf3 Nf6 2.c4 e6 3.Nc3 c5 4.g3 b6 5.Bg2 Bb7 6.O-O a6 7.b3 d6 8.Bb2 Nbd7
9.Re1 Be7 10.e4 O-O 11.d4 cxd4 12.Nxd4 Qc7 13.Qd2 Rfe8 14.h3 Rad8 15.Re3 Bf8
16.Rae1 g6 17.Qd1 Bg7 18.Qa1 Qb8 19.Nc2 Bh6 20.R3e2 Ne5 21.Rd1 Nh5 22.Nd4 Bg7
23.Kh2 Nc6 24.Nxc6 Bxc6 25.a4 b5 26.axb5 axb5 27.Nxb5 Bxb5 28.Bxg7 Nxg7 29.cxb5 Qxb5
30.Re3 Qb6 31.h4 e5 32.Bh3 f5 33.exf5 gxf5 34.Rd5 Rf8 35.Rf3 Ne6 36.Qc1 Nd4
37.Rxd4 Qxd4 38.Bxf5 e4 39.Qh6 Qg7 40.Qe6+ Kh8 41.Bxe4 Rxf3 42.Bxf3 Qe5 43.Qf7 d5
44.b4 Qd6 45.Kg2 d4 46.Be4 Rd7 47.Qf5 h6 48.Bd3 Qd5+ 49.Qxd5 Rxd5 50.Kf3 Re5
51.b5 Re6 52.g4 Kg7 53.g5 Re8 54.g6 h5 55.Be4 Kf6 56.Bc6 Re6 57.Be4 Re8 58.Kf4 Rb8
59.Bd3  1/2-1/2

[Event "Havana-B"]
[Site "Havana"]
[Date "1986.??.??"]
[Round "?"]
[White "Ortega, Lexy"]
[Black "Lebredo, Gerardo"]
[Result "1-0"]
[WhiteElo "2440"]
[BlackElo "2390"]

1.Nf3 Nf6 2.c4 c5 3.Nc3 b6 4.d4 cxd4 5.Nxd4 Bb7 6.f3 d6 7.e4 e6 8.Be3 Be7
9.Be2 O-O 10.O-O a6 11.Kh1 Nbd7 12.a4 Ne5 13.f4 Ned7 14.Bf3 Qc7 15.Rc1 Rfd8
16.f5 Nf8 17.Bg4 Re8 18.fxe6 fxe6 19.Nxe6 Qd7 20.Rxf6 Bxf6 21.Nxf8 Qf7 22.Nxh7 Kxh7
23.Bf5+ Kg8 24.Nd5 Bc8 25.Bxb6 Bxf5 26.exf5 Bg5 27.Rb1 Qxf5 28.Nc7 Bd2 29.Nxa8 Re1+
30.Qxe1 Bxe1 31.Rxe1 Qc2 32.a5 Qxc4 33.Nc7 d5 34.Ne6 Qb4 35.Rd1 Qb3 36.Rf1 Qxb2
37.Nd4 Qd2 38.h3 Qd3 39.Rf3 Qe4 40.Kh2 Qe5+ 41.Rg3 Kh7 42.Nf3 Qf4 43.Bd4 g6
44.Be5 Qb4 45.Rg4 Qxa5 46.Rf4 Qb5 47.Rf8 g5 48.Nxg5+ Kg6 49.h4 a5 50.Rf6+ Kh5
51.Kh3 Qd3+ 52.Nf3 Qc4 53.Bf4 Qc8+ 54.Kg3 Qg8+ 55.Kh2 Qd8 56.g4+  1-0

[Event "Helsinki"]
[Site "Helsinki"]
[Date "1986.??.??"]
[Round "8"]
[White "Binham, Timothy F"]
[Black "Rantanen, Yrjo A"]
[Result "1-0"]
[WhiteElo "2370"]
[BlackElo "2395"]

1.Nf3 c5 2.c4 Nf6 3.Nc3 e6 4.g3 d5 5.cxd5 exd5 6.d4 Nc6 7.Bg2 Be7 8.O-O O-O
9.Be3 Bg4 10.Qa4 c4 11.Ne5 Be6 12.Rfd1 a6 13.Nxc6 bxc6 14.b3 Rb8 15.Bf4 Rb4
16.Qxc6 cxb3 17.axb3 Rxb3 18.Na4 Qc8 19.Rdc1 Rb4 20.e3 Qxc6 21.Rxc6 Ne4 22.Rxa6 Rc8
23.f3 Nd2 24.Nb6 Rc6 25.Ra8+ Bf8 26.Na4 Nb3 27.Rb1 Rc8 28.Rxc8 Bxc8 29.Nc5 Bf5
30.Rxb3 Bxc5 31.Rxb4 Bxb4 32.Kf2 Be6 33.Bf1 f6 34.Bc7 h6 35.Bd3 Kf7 36.Bb6 Ke8
37.Bc5 Bc3 38.Bg6+ Kd7 39.Bf8  1-0

[Event "NLD-ch"]
[Site "Hilversum"]
[Date "1986.??.??"]
[Round "2"]
[White "De Boer, Gert Jan"]
[Black "Peelen, Piet"]
[Result "1/2-1/2"]
[WhiteElo "1625"]
[BlackElo "2400"]

1.Nf3 Nf6 2.c4 g6 3.Nc3 c5 4.e4 Nc6 5.d4 cxd4 6.Nxd4 Nxd4 7.Qxd4 d6 8.Be2 Bg7
9.Bg5 O-O 10.Qd2 Be6 11.Rc1 a6 12.f3 b5 13.cxb5 axb5 14.a3 Qa5 15.Nxb5 Rfb8
16.b4 Qd8 17.Nc7 Rxa3 18.Nxe6 fxe6 19.Be3 Nd7 20.Bc4 d5 21.exd5  1/2-1/2

[Event "HUN-ch"]
[Site "?"]
[Date "1986.??.??"]
[Round "?"]
[White "Horvath, Jozsef"]
[Black "Karolyi, Tibor Jr"]
[Result "0-1"]
[WhiteElo "2475"]
[BlackElo "2410"]

1.Nf3 c5 2.c4 Nf6 3.Nc3 e6 4.d4 d5 5.e3 Nc6 6.a3 cxd4 7.exd4 Be7 8.c5 Ne4
9.Qc2 f5 10.Bb5 O-O 11.O-O g5 12.Bxc6 bxc6 13.Ne5 Qc7 14.Na4 Ba6 15.Rd1 f4
16.f3 Nf6 17.Re1 Rae8 18.b4 Kg7 19.Nc3 Nd7 20.Bb2 Nxe5 21.dxe5 Ra8 22.Rad1 Qb7
23.Rd2 Bb5 24.a4 Bc4 25.Ba3 Rfb8 26.Ne4 a5 27.Nd6 Qa7 28.b5 cxb5 29.axb5 Bxb5
30.h4 Bc6 31.hxg5 Bxg5 32.g3 fxg3 33.f4 Bxf4 34.Rd4 Rf8 35.Kg2 Bxe5 36.Rxe5 Rf2+
37.Qxf2 gxf2 38.Rg4+ Kh8 39.Bb2 d4+ 40.Kxf2 Rf8+ 41.Ke1 Rg8 42.Rxg8+ Kxg8
43.Rg5+ Kf8 44.Bxd4 a4 45.Rg4 h5 46.Rg6 Qh7 47.Rf6+ Ke7 48.Be5 Bd5 49.Kd2 a3
50.Rf4 Qg8  0-1

[Event "URS-FL"]
[Site "Irkutsk"]
[Date "1986.??.??"]
[Round "?"]
[White "Gavrikov, Viktor"]
[Black "Dolmatov, Sergey"]
[Result "1-0"]
[WhiteElo "2550"]
[BlackElo "2510"]

1.Nf3 Nf6 2.c4 c5 3.Nc3 e6 4.d4 cxd4 5.Nxd4 a6 6.g3 Qc7 7.Bg5 Be7 8.Rc1 d6
9.Bg2 O-O 10.O-O Nbd7 11.h3 Re8 12.Qd2 Ne5 13.b3 Bd7 14.Rfd1 Rad8 15.e4 Bc8
16.Be3 Ned7 17.f4 b6 18.e5 dxe5 19.Nc6 Nh5 20.Nxd8 Rxd8 21.Qf2 exf4 22.gxf4 Bd6
23.Ne2 e5 24.fxe5 Bxe5 25.c5 bxc5 26.Bxc5 Re8 27.Bd6 Bxd6 28.Rxc7 Bxc7 29.Nd4 Bb6
30.Qh4 g6 31.Kh1 Ndf6 32.Nc6 Kg7 33.Re1 Rf8 34.a4 h6 35.a5 Bc5 36.b4 g5 37.Qc4 Bf2
38.Re7 Ng3+ 39.Kh2 Nf5 40.Re2 Bg3+ 41.Kg1 Bf4 42.Qc3 Bd7 43.b5 axb5 44.a6 Bc7
45.Qc5 Bd6 46.Qb6 g4 47.Nd4  1-0

[Event "URS-FL"]
[Site "Irkutsk"]
[Date "1986.??.??"]
[Round "?"]
[White "Pigusov, Evgeny"]
[Black "Gavrikov, Viktor"]
[Result "1/2-1/2"]
[WhiteElo "2500"]
[BlackElo "2550"]

1.Nf3 Nf6 2.c4 c5 3.Nc3 e6 4.g3 b6 5.Bg2 Bb7 6.d4 cxd4 7.Qxd4 Be7 8.O-O d6
9.Rd1 a6 10.b3 Nbd7 11.e4 Qb8 12.Ba3 Nc5 13.e5 dxe5 14.Qxe5 Ncd7 15.Qxb8+ Rxb8
16.Bxe7 Kxe7 17.Rd2 Rhc8 18.Rc1 Rc7 19.Nd4 Bxg2 20.Kxg2 Rbc8 21.Rdc2 Nb8
22.Na4 Nbd7 23.Nc3  1/2-1/2

[Event "ISR-ch"]
[Site "?"]
[Date "1986.??.??"]
[Round "?"]
[White "Shvidler, Eliahu"]
[Black "Greenfeld, Alon"]
[Result "0-1"]
[WhiteElo "2435"]
[BlackElo "2505"]

1.Nf3 Nf6 2.c4 c5 3.Nc3 e6 4.d4 cxd4 5.Nxd4 Bb4 6.Nb5 d5 7.Bf4 O-O 8.e3 a6
9.a3 Ba5 10.Nd4 dxc4 11.Bxc4 Nd5 12.Bxd5 Qxd5 13.O-O Bxc3 14.bxc3 e5 15.c4 Qc5
16.Nb3 Qe7 17.Bg3 Nc6 18.Qc2 Be6 19.Rfc1 Rac8 20.Qc3 f6 21.c5 Rfd8 22.Nd2 Bf5
23.Qb3+ Qe6 24.Qxe6+ Bxe6 25.Nc4 Bxc4 26.Rxc4 Rd3 27.Kf1 Na5 28.Rc2 Nb3 29.Rb1 Nd2+
30.Ke2 Nxb1 31.Kxd3 Nxa3 32.Rc1 b5 33.Ke4 b4 34.Ra1 Rxc5 35.f4 exf4 36.Bxf4 b3  0-1

[Event "ISR-ch"]
[Site "?"]
[Date "1986.??.??"]
[Round "?"]
[White "Brook, Otto"]
[Black "Gruenfeld, Yehuda"]
[Result "1/2-1/2"]
[WhiteElo "2285"]
[BlackElo "2535"]

1.Nf3 Nf6 2.c4 e6 3.Nc3 c5 4.g3 Nc6 5.Bg2 d5 6.cxd5 Nxd5 7.O-O Be7 8.d4 O-O
9.Nxd5 exd5 10.dxc5 Bxc5 11.b3 Bf5 12.Bb2 Be4 13.Rc1 Qe7 14.e3 Nb4 15.Ba3 a5
16.Qd2 Ra6 17.Nd4 Rf6 18.Rfd1 b6 19.Bxb4 axb4 20.Bxe4 dxe4 21.Rc2 Qd7 22.Qe2 Rd6
23.Rcd2 Rd8 24.Kg2 g6 25.Qc4 Rd5 26.Qc2 f5 27.Qc4 Kh8 28.Qc2 h5 29.h4 Rd6
30.Kf1 Kh7 31.Ke1 Kh6 32.Ne2 Rxd2 33.Qxd2 Qxd2+ 34.Rxd2 Rxd2 35.Kxd2 g5 36.hxg5+ Kxg5
37.Ke1 Bd6 38.Kf1 Be5 39.Kg2 Kg4 40.Ng1 h4 41.gxh4 Kxh4  1/2-1/2

[Event "URS-FL"]
[Site "Kujbyshev"]
[Date "1986.??.??"]
[Round "?"]
[White "Huzman, Alexander"]
[Black "Kupreichik, Viktor D"]
[Result "1/2-1/2"]
[WhiteElo "2390"]
[BlackElo "2490"]

1.Nf3 c5 2.c4 Nf6 3.Nc3 d5 4.cxd5 Nxd5 5.g3 Nc6 6.Bg2 Nc7 7.a3 e5 8.b4 f6
9.bxc5 Bxc5 10.O-O O-O 11.Bb2 Be6 12.Qc2 Rc8 13.Ne4 Bb6 14.Rac1 Na5 15.Qb1 Nb3
16.Rc2 Qd7 17.d3 Nb5 18.Ned2 Rxc2 19.Qxc2 Rc8 20.Nc4 Na5 21.Nfd2 Nd6 22.Rd1 Naxc4
23.Nxc4 Nxc4 24.dxc4 Rxc4 25.Qb1 Qa4 26.Rd6 Bf7 27.Bxb7 Qc2 28.Qd1 Qxd1+
29.Rxd1 Rc2 30.Bc1 Rxe2 31.Be3 Bb3 32.Bd5+ Bxd5 33.Bxb6 axb6 34.Rxd5 Rb2
35.Rd7 g5 36.h3 h5 37.Ra7 e4 38.Re7 f5 39.Re5 Kg7 40.Rxf5 Kg6 41.Re5 Rb3
42.Rxe4 Rxa3 43.Re6+  1/2-1/2

[Event "BKL-Turnier"]
[Site "Leipzig"]
[Date "1986.??.??"]
[Round "2"]
[White "Chekhov, Valery A"]
[Black "Foisor, Ovidiu"]
[Result "1/2-1/2"]
[WhiteElo "2495"]
[BlackElo "2420"]

1.Nf3 Nf6 2.c4 c5 3.Nc3 e6 4.e3 g6 5.d4 Bg7 6.Be2 O-O 7.O-O d6 8.e4 Nc6 9.Be3 Ng4
10.Bg5 f6 11.Bc1 e5 12.dxc5 dxc5 13.Qd5+ Qxd5 14.cxd5 Nd4 15.Nxd4 cxd4 16.Nb5 f5
17.Bxg4  1/2-1/2

[Event "DSV-Turnier"]
[Site "Leipzig"]
[Date "1986.??.??"]
[Round "4"]
[White "Espig, Lutz"]
[Black "Stempin, Pawel"]
[Result "1-0"]
[WhiteElo "2395"]
[BlackElo "2420"]

1.Nf3 c5 2.c4 Nf6 3.Nc3 b6 4.g3 Bb7 5.Bg2 g6 6.b3 d5 7.cxd5 Bg7 8.Bb2 Nxd5
9.Qc1 O-O 10.Nxd5 Qxd5 11.Bxg7 Kxg7 12.Qb2+ f6 13.b4 cxb4 14.Qxb4 Nc6 15.Qb2 e5
16.O-O Nd4 17.d3 Rac8 18.Rfc1 b5 19.Ne1 Qd7 20.Bxb7 Qxb7 21.e3 Ne6 22.Rab1 a6
23.Rxc8 Rxc8 24.a4 Rc5 25.Qa2 Qc6 26.axb5 Rxb5 27.Rxb5 axb5 28.h4 Nc7 29.Qb2 Nd5
30.Nc2 h5 31.Qb3 Qc5 32.Kf1 Kf8 33.Ke2 Ke7 34.Kd2 Kd6 35.d4 exd4 36.Nxd4 b4
37.Ke2 f5 38.Kf3 Qc3 39.Nb5+  1-0

[Event "DSV-Turnier"]
[Site "Leipzig"]
[Date "1986.??.??"]
[Round "9"]
[White "Uhlmann, Wolfgang"]
[Black "Stempin, Pawel"]
[Result "1-0"]
[WhiteElo "2510"]
[BlackElo "2420"]

1.c4 c5 2.Nf3 Nf6 3.Nc3 e6 4.g3 b6 5.Bg2 Bb7 6.d4 cxd4 7.Qxd4 Be7 8.O-O d6
9.e4 a6 10.Qe3 Nbd7 11.Nd4 Qc7 12.b3 O-O 13.Bb2 Rfe8 14.Rfe1 Bf8 15.Re2 Rad8
16.Qd2 Qb8 17.Rd1 Nc5 18.Kh1 Qa8 19.f3 Qb8 20.Qe1 g6 21.g4 e5 22.Nc2 Ne6
23.Qh4 Be7 24.Qf2 Qc7 25.Bc1 b5 26.Nd5 Nxd5 27.cxd5 Nf4 28.Bxf4 exf4 29.Nb4 Rc8
30.Rc2 Qd7 31.Rdc1 Rxc2 32.Qxc2 Rc8 33.Nc6 Bf6 34.a4 bxa4 35.bxa4 Bd4 36.Qc4 Bc5
37.Bf1 Bxc6 38.dxc6 Rxc6 39.Qd5 Rb6 40.Rxc5 Rb1 41.Kg1 h5 42.e5 hxg4 43.Qxd6 Qb7
44.Qd8+ Kh7 45.Qh4+ Kg7 46.Qf6+ Kh7 47.Qxf4 gxf3 48.e6 Rxf1+ 49.Kxf1 Qb1+
50.Rc1 Qd3+ 51.Kg1 Qe2 52.Qxf7+ Kh6 53.Qf8+ Kh5 54.Rc5+ g5 55.Qh8+ Kg4 56.h3+  1-0

[Event "Lisboa"]
[Site "Lisboa"]
[Date "1986.??.??"]
[Round "?"]
[White "Mikhalchishin, Adrian"]
[Black "Galego, Luis"]
[Result "1-0"]
[WhiteElo "2510"]
[BlackElo "2330"]

1.Nf3 Nf6 2.c4 e6 3.Nc3 c5 4.d4 cxd4 5.Nxd4 d6 6.g3 a6 7.Bg2 Qc7 8.Qd3 Bd7
9.O-O Nc6 10.b3 Nxd4 11.Qxd4 Bc6 12.e4 Be7 13.Bb2 Rc8 14.Rac1 Qb8 15.Rfe1 O-O
16.Nd5 Bd8 17.Nb4 Bd7 18.Red1 Be7 19.Ba3 Rfd8 20.Qb6 a5 21.Qxa5 b6 22.Qg5 h6
23.Qe3 Qa7 24.Nc2 Bc6 25.Ra1 Qb7 26.Re1 b5 27.cxb5 Bxb5 28.Nd4 Ng4 29.Qd2 Be8
30.Bb2 Qa7 31.a3 Nf6 32.Qe2 d5 33.exd5 Nxd5 34.Nxe6 fxe6 35.Bxd5 exd5 36.Qxe7 Qxe7
37.Rxe7 Bf7 38.Bd4 Rc2 39.Rb7 Rd2 40.Rb4 Rc8 41.a4 Bg6 42.a5 Be4 43.Be3 Rb2
44.a6 d4 45.Rxd4 Ba8 46.Rb4  1-0

[Event "GLC Masters"]
[Site "London"]
[Date "1986.??.??"]
[Round "3"]
[White "Knott, Simon JB"]
[Black "Carton, Patrick"]
[Result "0-1"]
[WhiteElo "2320"]
[BlackElo "2295"]

1.c4 Nf6 2.Nc3 c5 3.Nf3 d5 4.cxd5 Nxd5 5.g3 Nxc3 6.bxc3 g6 7.Bg2 Bg7 8.O-O O-O
9.Rb1 Qc7 10.Qa4 Nd7 11.Qh4 Re8 12.d4 a5 13.Rb5 cxd4 14.cxd4 Qc4 15.Rb2 e5
16.Be3 exd4 17.Bxd4 Nc5 18.Bxg7 Qxh4 19.Nxh4 Kxg7 20.Rb5 Na4 21.e3 Nc3 22.Rb2 Be6
23.a3 Rab8 24.Rxb7 Rxb7 25.Bxb7 Rb8 26.Bc6 Rb6 27.Bf3 Bc4 28.Re1 Rb1 29.Ng2 Kf6
30.Rxb1 Nxb1 31.Nf4 Nxa3 32.Nd5+ Bxd5 33.Bxd5 Nb5 34.Kf1 Nc3 35.Bc4 a4 36.Ke1 a3
37.Kd2 a2  0-1

[Event "GLC Masters"]
[Site "London"]
[Date "1986.??.??"]
[Round "14"]
[White "Knott, Simon JB"]
[Black "Crawley, Gavin"]
[Result "0-1"]
[WhiteElo "2320"]
[BlackElo "2335"]

1.c4 Nf6 2.Nc3 c5 3.Nf3 e6 4.e3 d5 5.d4 Nc6 6.cxd5 exd5 7.Be2 Bd6 8.O-O a6
9.b3 O-O 10.Bb2 cxd4 11.Nxd4 Ne5 12.Nf3 Neg4 13.h3 Nh6 14.Na4 Be6 15.Be5 Ne4
16.Bxd6 Qxd6 17.Bd3 Qe7 18.Nd4 f5 19.Rc1 Rad8 20.b4 Nf7 21.Nc5 Bc8 22.Qe1 Ne5
23.Bb1 Rf6 24.f4 Nc4 25.Bxe4 fxe4 26.Rc2 a5 27.f5 axb4 28.Rxc4 dxc4 29.Qxb4 Rd5
30.Nd3 Qxb4 31.Nxb4 Rc5 32.g4 Rb6 33.a3 Ra5 34.Ndc2 Rd6 35.Kf2 g6 36.fxg6 hxg6
37.Kg3 g5 38.Rh1 Kg7 39.h4 Rf6 40.hxg5 Rxg5 41.Rh4 Rf3+ 42.Kh2 Rxg4 43.Rxg4+ Bxg4
44.a4 c3 45.a5 Kf6 46.Nd4 Ke5 47.Nxf3+ Bxf3 48.Kg3 Kd6 49.Na2 c2 50.Kf2 Kc5
51.Ke1 Kc4 52.Kd2 Kb3 53.Nc1+ Kb2  0-1

[Event "Lvov Int"]
[Site "Lvov"]
[Date "1986.??.??"]
[Round "?"]
[White "Szekely, Peter"]
[Black "Giorgadze, Tamaz"]
[Result "1/2-1/2"]
[WhiteElo "2415"]
[BlackElo "2505"]

1.Nf3 Nf6 2.c4 g6 3.Nc3 c5 4.e4 Nc6 5.d4 cxd4 6.Nxd4 d6 7.Be2 Nxd4 8.Qxd4 Bg7
9.Be3 O-O 10.Qd2 Be6 11.Rc1 Qa5 12.f3 Rfc8 13.b3  1/2-1/2

[Event "Minsk Int"]
[Site "Minsk"]
[Date "1986.??.??"]
[Round "?"]
[White "Dorfman, Josif D"]
[Black "Gross, Stefan"]
[Result "1-0"]
[WhiteElo "2520"]
[BlackElo "2410"]

1.Nf3 Nf6 2.c4 c5 3.Nc3 e6 4.e3 Nc6 5.d4 d5 6.a3 a6 7.cxd5 exd5 8.Ne5 Bd6
9.Nxc6 bxc6 10.dxc5 Bxc5 11.Be2 O-O 12.O-O Bf5 13.Bd2 Qe7 14.Qa4 Bd6 15.Rfd1 Qe5
16.g3 Bd7 17.Qd4 Qe6 18.Na4 Ne4 19.Bc3 Qh6 20.Bb4 Nxf2 21.Kxf2 Qxh2+ 22.Ke1 c5
23.Nxc5 Bb5 24.Nd3 Bxb4+ 25.axb4 Rac8 26.Rac1 Rc4 27.Rxc4 dxc4 28.Nf4 Qxg3+
29.Kd2 Qg5 30.Kc3 Ba4 31.Ra1 Rd8 32.Rg1 Rxd4 33.Rxg5 Re4 34.Nd5 Kf8 35.Bxc4  1-0

[Event "Bhilwara"]
[Site "New Delhi"]
[Date "1986.??.??"]
[Round "?"]
[White "Makarichev, Sergey"]
[Black "Ravi, Lanka"]
[Result "1-0"]
[WhiteElo "2495"]
[BlackElo "2285"]

1.c4 Nf6 2.Nf3 c5 3.Nc3 b6 4.g3 Bb7 5.Bg2 g6 6.d4 cxd4 7.Qxd4 Nc6 8.Qf4 Bg7
9.O-O O-O 10.Qh4 Na5 11.Bg5 Rc8 12.b3 Rc5 13.Rac1 h6 14.Bxf6 Bxf6 15.Qf4 Bg7
16.Rfd1 a6 17.Qe3 Rc8 18.Na4 Rb8 19.b4 Bc6 20.bxa5 Bxa4 21.Rd2 bxa5 22.c5 Rb2
23.Rxb2 Bxb2 24.Rc4 Bb5 25.Rh4 Bg7 26.Rxh6 Bxe2 27.Rh4 Bb5 28.Ne5 d6 29.Nxg6 fxg6
30.Qe6+ Rf7 31.Bd5 Qe8 32.Qxg6 Bc6 33.Bxf7+ Qxf7 34.Rh8+ Kxh8 35.Qxf7  1-0

[Event "Oakham YM"]
[Site "Oakham"]
[Date "1986.??.??"]
[Round "1"]
[White "Foguenne, Marc"]
[Black "MacFarlane, D."]
[Result "1-0"]
[WhiteElo "2250"]
[BlackElo "2360"]

1.Nf3 Nf6 2.c4 c5 3.Nc3 b6 4.g3 Bb7 5.Bg2 g6 6.O-O Bg7 7.d4 cxd4 8.Nxd4 Bxg2
9.Kxg2 Qc7 10.b3 O-O 11.Bb2 Qb7+ 12.Nf3 Nc6 13.Kg1 Rfd8 14.Rb1 e6 15.e4 d5
16.exd5 exd5 17.Nxd5 Nxd5 18.cxd5 Ne7 19.Bxg7 Kxg7 20.d6 Nf5 21.Nd4 Nxd6
22.Qf3 Qxf3 23.Nxf3 Ne4 24.Rfe1 f5 25.Rbc1 Rac8 26.Rxc8 Rxc8 27.Nd4 Kf6 28.f3 Nc5
29.Re2 Rd8 30.Nc6 Rd1+ 31.Kg2 a6 32.Ne5 f4 33.gxf4 Nd3 34.Nxd3 Rxd3 35.Rc2 Rd6
36.Kg3 Kf5 37.Rc7 h5 38.Rf7+ Ke6 39.Rf8 Rd2 40.Rb8  1-0

[Event "Philadelphia"]
[Site "Philadelphia"]
[Date "1986.??.??"]
[Round "?"]
[White "Donaldson, John W"]
[Black "Alzate, Dario"]
[Result "1/2-1/2"]
[WhiteElo "2420"]
[BlackElo "2365"]

1.Nf3 Nf6 2.c4 c5 3.Nc3 d5 4.cxd5 Nxd5 5.g3 Nc6 6.Bg2 Nc7 7.d3 e5 8.Nd2 Bd7
9.O-O Be7 10.Nc4 f6 11.a4 Be6 12.f4 exf4 13.Bxf4 Nd5 14.Nxd5 Bxd5 15.Nd6+ Bxd6
16.Bxd5 Bxf4 17.Bxc6+ bxc6 18.Rxf4 Rb8 19.Re4+ Kf7 20.Qc2 Qd5 21.Rc1 Rhe8
22.Rxe8 Kxe8 23.Qxc5 Qxc5+ 24.Rxc5 Rxb2 25.Kf2 Kd7 26.Rh5 h6 27.Ra5 Rb7 28.Ke3 Kc7
29.Ra6 Kd6 30.Kd4 Rb2 31.Ke3 Rb7 32.g4 Re7+ 33.Kd2 Kc5 34.e4 Kb4 35.Rxc6 Kxa4
36.Ke3 Kb4 37.d4 a5 38.Rb6+ Kc4 39.Ra6 Kb5 40.Ra8 Re6 41.h4 g6 42.g5 hxg5
43.hxg5 fxg5 44.e5 g4 45.Kf4 Kc4 46.Rxa5 Kxd4  1/2-1/2

[Event "POL-chT"]
[Site "Porabka"]
[Date "1986.??.??"]
[Round "?"]
[White "Szypulski, Andrzej"]
[Black "Bugajski, Robert"]
[Result "1-0"]
[WhiteElo "2280"]
[BlackElo "2270"]

1.Nf3 Nf6 2.c4 c5 3.Nc3 b6 4.d4 cxd4 5.Nxd4 Bb7 6.f3 Nc6 7.e4 e6 8.Be3 Be7
9.Be2 O-O 10.O-O Rc8 11.Qd2 Ne5 12.b3 d5 13.exd5 exd5 14.Nf5 Bc5 15.Bxc5 Rxc5
16.Rad1 Ng6 17.b4 Rc8 18.cxd5 Qd7 19.Ne3 Nf4 20.Bb5 Qc7 21.Rc1 Qe5 22.Rfe1 Qg5
23.Rc2 Bxd5 24.Nexd5 N6xd5 25.Nxd5 Rxc2 26.Qxc2 Nxd5 27.Bc4 Nxb4 28.Qb3 Qc5+
29.Kh1 g6 30.a3 Nc6 31.Qb5 Qxb5 32.Bxb5 Nd4 33.Ba4 b5 34.Rd1 Ne2 35.Rd2 Nc3
36.Bb3 a5 37.Rd3 b4 38.axb4 axb4 39.Rd7 Ra8 40.h4 Ra1+ 41.Kh2 Rb1 42.Bxf7+ Kh8
43.Rb7 Rb2 44.Kh3 Nd1 45.g4 Nc3 46.g5 Rf2 47.Kg3 Rd2 48.Rb8+ Kg7 49.Bc4 h5
50.Rb7+ Kf8 51.Rxb4 Ne2+ 52.Kf2 Nd4+ 53.Ke3 Nc2+ 54.Kxd2 Nxb4 55.Bd3 Kg7
56.Be4 Na6 57.Kc3 Nc5 58.Kd4 Nb3+ 59.Ke5 Nd2 60.Ke6 Nc4 61.f4 Ne3 62.Ke7 Nf1
63.Kd6 Kf7 64.Bd5+ Kg7 65.Ke5 Ne3 66.Be4 Nc4+ 67.Kd5 Nb6+ 68.Ke6 Nc4 69.f5 gxf5
70.Kxf5 Nd6+ 71.Ke5 Nc4+ 72.Kd4 Nd6 73.Ke5 Nf7+ 74.Ke6 Nd8+ 75.Kf5 Nf7 76.Bf3 Nh6+
77.Kf4 Kg6 78.Bc6 Kf7 79.Bd5+ Kg7 80.Be6 Kg6 81.Ke4 Kg7 82.Ke5 Kg6 83.Kf4 Kg7
84.Bd7 Ng8 85.Ke5 Nh6 86.Be8 Ng4+ 87.Kf4 Nf6 88.Bc6 Kg6 89.Ke5 Ng4+ 90.Ke6 Ne3
91.Be4+ Kg7 92.Bf3 Ng4 93.Kd5 Nh6 94.Ke4 Kg6 95.Bd1 Nf7 96.Kf4 Nd6 97.Be2 Ne8
98.Bb5 Nc7 99.Bc4 Ne8 100.Ke5 Ng7 101.Bg8 Ne8 102.Be6 Ng7 103.Bd7 Kf7 104.Kd6 Kf8
105.g6 Kg8 106.Ke7 Kh8 107.Kf6 Kg8 108.Ke7 Kh8 109.Kf7 Nf5 110.Ba4 Nd6+ 111.Kf8 Nf5
112.Bd1 Ng7 113.Kf7 Nf5 114.Bxh5 Ng7 115.Bg4 Nh5 116.Bd7 Ng7 117.Kf6 Nh5+
118.Kg5 Ng7 119.h5 Ne6+ 120.Bxe6  1-0

[Event "POL-chT"]
[Site "Porabka"]
[Date "1986.??.??"]
[Round "?"]
[White "Novak, Ivan"]
[Black "Hawelko, Marek"]
[Result "1/2-1/2"]
[WhiteElo "2290"]
[BlackElo "2450"]

1.Nf3 c5 2.c4 Nf6 3.Nc3 b6 4.g3 Bb7 5.Bg2 g6 6.O-O Bg7 7.d4 cxd4 8.Qxd4 d6
9.Rd1 Nbd7 10.Be3 Rc8 11.Rac1 h6 12.b3 O-O 13.Qd2 h5 14.h3 Re8 15.Bd4 Ne4
16.Nxe4 Bxe4 17.Bxg7 Kxg7 18.Qb2+ Nf6 19.Rd4 e5 20.Rdd1 Qe7 21.Ne1 Red8 22.Qa3 a5
23.Kh2 Qe6 24.f3 Bc6 25.e4 h4 26.g4 Ne8 27.Qb2 Qf6 28.Nd3 g5 29.Qd2 Nc7 30.Qe3 Rb8
31.Kg1 Ne6 32.Kf2 Nc5 33.Ke1 Kf8 34.Rd2 Ke7 35.Rcd1 Nxd3+ 36.Rxd3 Qf4 37.Qxf4 exf4
38.a4 Ke6 39.Rd4 Ke5 40.Bf1 Rbc8  1/2-1/2

[Event "POL-chT"]
[Site "Porabka"]
[Date "1986.??.??"]
[Round "?"]
[White "Kardys, Zbigniew"]
[Black "Zielinski, Marek"]
[Result "1/2-1/2"]
[WhiteElo "2245"]
[BlackElo "2305"]

1.Nf3 Nf6 2.c4 c5 3.Nc3 e6 4.d4 cxd4 5.Nxd4 Bb4 6.Qb3 Bc5 7.e3 b6 8.Be2 Bb7
9.Bf3 Qc8 10.Bxb7 Qxb7 11.O-O O-O 12.Bd2 Rd8 13.Na4 Bxd4 14.exd4 Nc6 15.Be3 Qc7
16.Qd1 d5 17.c5 bxc5 18.Nxc5 Ne4 19.Rc1  1/2-1/2

[Event "Sochi"]
[Site "Sochi"]
[Date "1986.??.??"]
[Round "4"]
[White "Vaganian, Rafael A"]
[Black "Ionescu, Constantin"]
[Result "1-0"]
[WhiteElo "2600"]
[BlackElo "2495"]

1.Nf3 c5 2.c4 Nf6 3.Nc3 e6 4.g3 b6 5.Bg2 Bb7 6.O-O a6 7.Re1 Be7 8.e4 d6 9.d4 cxd4
10.Nxd4 Qc7 11.Be3 O-O 12.Rc1 Nbd7 13.f4 Rfe8 14.g4 h6 15.g5 hxg5 16.fxg5 Nh7
17.g6 Nhf8 18.gxf7+ Kxf7 19.Rf1+ Kg8 20.Nd5 exd5 21.cxd5 Qd8 22.Nc6 Bg5 23.Nxd8 Bxe3+
24.Kh1 Raxd8 25.Rc7 Bc8 26.Bh3 a5 27.Qf3 Bh6 28.Qf7+ Kh8 29.Rxc8 Rxc8 30.Bxd7 Nxd7
31.Qxd7 Red8 32.Qe7 b5 33.e5 dxe5 34.d6 e4 35.d7 Rb8 36.Rf5  1-0

[Event "RLPF-ch"]
[Site "Speyer"]
[Date "1986.??.??"]
[Round "1"]
[White "Osieka, Udo"]
[Black "Koerholz, Ludger"]
[Result "1/2-1/2"]
[WhiteElo "2205"]
[BlackElo "2260"]

1.c4 c5 2.Nf3 Nf6 3.Nc3 g6 4.d4 Bg7 5.e4 O-O 6.Be2 d6 7.O-O Qa5 8.h3 cxd4
9.Nxd4 Nc6 10.Nb3 Qd8 11.Be3 Be6 12.Rc1 Rc8 13.Nd2  1/2-1/2

[Event "Szirak"]
[Site "Szirak"]
[Date "1986.??.??"]
[Round "?"]
[White "Rogers, Ian"]
[Black "Ftacnik, Lubomir"]
[Result "1/2-1/2"]
[WhiteElo "2515"]
[BlackElo "2555"]

1.Nf3 Nf6 2.c4 c5 3.Nc3 e6 4.d4 cxd4 5.Nxd4 Bb4 6.g3 Ne4 7.Qd3 Qa5 8.Nb3 Nxc3
9.Bd2 Ne4 10.Nxa5 Bxd2+ 11.Qxd2 Nxd2 12.Kxd2 Na6 13.Bg2 Rb8 14.Rhc1 b6 15.Nb3 Ke7
16.Nd4 Bb7 17.Bxb7 Rxb7 18.e4 Rc8 19.f4 d6 20.Ke3 Nb8 21.b3 a6 22.g4 Nc6
23.h4 Rbc7 24.Ne2 h6 25.h5 b5 26.cxb5 axb5 27.a3 e5 28.a4 Nb4 29.Rxc7+ Rxc7
30.Rb1  1/2-1/2

[Event "Szirak"]
[Site "Szirak"]
[Date "1986.??.??"]
[Round "?"]
[White "Suba, Mihai"]
[Black "Ftacnik, Lubomir"]
[Result "1/2-1/2"]
[WhiteElo "2580"]
[BlackElo "2555"]

1.c4 Nf6 2.Nc3 c5 3.Nf3 e6 4.g3 b6 5.Bg2 Bb7 6.O-O a6 7.d4 cxd4 8.Qxd4 d6
9.Rd1 Be7 10.Bg5 Nbd7 11.Qd2 Rc8 12.Bf4 Rxc4 13.Bxd6 Bxd6 14.Qxd6 Rc6 15.Qa3 Rc7
16.Nd4 Bxg2 17.Kxg2 Qc8 18.Rac1 Nc5 19.b4 Ncd7 20.b5 Nc5 21.bxa6 Qxa6 22.Qxa6 Nxa6
23.Ndb5 Rd7 24.Na4 O-O 25.Rd6 Rxd6 26.Nxd6 Nd7 27.Rc6 Rb8 28.a3 Nac5 29.Nxc5 Nxc5
30.Rc7 f6 31.Nc4 Na4 32.Ra7 Nc3 33.Kf3 h6 34.h4 h5 35.Ra6 b5 36.Na5 e5 37.Ke3 Nd1+
38.Kf3 Nc3 39.Ke3 Nd1+ 40.Kf3  1/2-1/2

[Event "Szirak"]
[Site "Szirak"]
[Date "1986.??.??"]
[Round "?"]
[White "Spraggett, Kevin"]
[Black "Rogers, Ian"]
[Result "1/2-1/2"]
[WhiteElo "2525"]
[BlackElo "2515"]

1.c4 Nf6 2.Nc3 c5 3.Nf3 e6 4.g3 d5 5.cxd5 exd5 6.d4 Nc6 7.Bg2 Be7 8.O-O O-O
9.Bg5 c4 10.Ne5 Be6 11.e3 Ne8 12.Nxc6 bxc6 13.Bxe7 Qxe7 14.Qa4 Rc8 15.b3 Nd6
16.Rac1 Rfd8 17.Rfe1 Qd7 18.Nb1 Bh3 19.Nd2 Bxg2 20.Kxg2 cxb3 21.axb3 Nb5
22.Nf3 f6 23.Rc5 Rb8 24.e4 dxe4 25.Rxe4 Nd6 26.Re2 Rb6 27.Rec2 Nb5 28.Qc4+ Kf8
29.Ra2 g6 30.Qc1 Kg7 31.Ra4 Qe6 32.Qc2 Rd5 33.Ra1 Rxc5 34.Qxc5 Qxb3 35.Re1 Rb7
36.Qxc6 Rc7 37.Qa8 Rd7 38.h4 Qf7 39.Re4 Nc3 40.Re1  1/2-1/2

[Event "Agzamov mem"]
[Site "Tashkent"]
[Date "1986.??.??"]
[Round "8"]
[White "Khasin, Alexander"]
[Black "Panchenko, Alexander N"]
[Result "1/2-1/2"]
[WhiteElo "2420"]
[BlackElo "2435"]

1.Nf3 Nf6 2.c4 c5 3.Nc3 g6 4.d4 cxd4 5.Nxd4 Bg7 6.e4 d6 7.Be2 O-O 8.O-O Nc6
9.Be3 Bd7 10.Qd2 Nxd4 11.Bxd4 Bc6 12.f3 Nd7 13.Rfd1 Bxd4+ 14.Qxd4 Qb6 15.Qxb6 Nxb6
16.Rac1 Na4 17.Nxa4 Bxa4 18.b3 Bc6 19.c5 dxc5 20.Rxc5 Rfd8 21.Rcc1 Kf8 22.Kf2  1/2-1/2

[Event "Tbilisi"]
[Site "Tbilisi"]
[Date "1986.??.??"]
[Round "?"]
[White "Pekarek, Ales"]
[Black "Zaichik, Gennadi"]
[Result "0-1"]
[WhiteElo "2445"]
[BlackElo "2490"]

1.Nf3 c5 2.c4 Nf6 3.Nc3 e6 4.g3 b6 5.Bg2 Bb7 6.O-O Be7 7.d4 cxd4 8.Qxd4 Nc6
9.Qf4 Qb8 10.Rd1 d6 11.b3 O-O 12.Bb2 a6 13.Rac1 Rd8 14.Qe3 b5 15.Ne4 Nxe4
16.Qxe4 Ne5 17.Qe3 Nxf3+ 18.exf3 Bf8 19.Rd4 Qa7 20.c5 dxc5 21.Rg4 h5 22.Rh4 Rd5
23.Be5 c4 24.Bd4 Bc5 25.Bxc5 Qxc5 26.bxc4 Qxe3 27.fxe3 Rc5 28.Rd4 Rac8 29.Rd7 Bd5
30.Ra7 Rxc4 31.Rd1 Rc1 32.Rf1 Rxf1+ 33.Bxf1 Rc1 34.Kf2 Rc2+ 35.Kg1 Rxa2 36.e4 Bb3
37.f4 g6 38.f5 gxf5 39.exf5 Kg7 40.Bh3 exf5  0-1

[Event "Tbilisi tt"]
[Site "Tbilisi"]
[Date "1986.??.??"]
[Round "?"]
[White "Pinter, Jozsef"]
[Black "Hernandez, Roman"]
[Result "1-0"]
[WhiteElo "2555"]
[BlackElo "2450"]

1.Nf3 c5 2.c4 e6 3.Nc3 Nf6 4.g3 Nc6 5.Bg2 d5 6.cxd5 Nxd5 7.O-O Be7 8.d4 O-O
9.Nxd5 Qxd5 10.Be3 Qc4 11.dxc5 Rd8 12.b3 Rxd1 13.bxc4 Rxa1 14.Rxa1 a5 15.Rd1 a4
16.Rb1 Bf6 17.Nd2 a3 18.Rb5 Nd8 19.Ne4 Bb2 20.Nd6 Bd7 21.Nxb7 Bxb5 22.cxb5 Rb8
23.b6 Nxb7 24.Bxb7 Rxb7 25.c6  1-0